La diversidad cultural (Registro nro. 323811)
[ vista simple ]
| 000 -ENCABEZADO | |
|---|---|
| Número de control [NR] | 01006nam a22002177a 4500 |
| 005 - FECHA Y HORA DE LA ÚLTIMA TRANSACCIÓN | |
| control field | 20240524072857.0 |
| 008 - DE LONGITUD FIJA DE DATOS DE ELEMENTOS - INFORMACIÓN GENERAL | |
| Elementos de longitud fija [NR] | 240129t ||||| |||| 00| 0 spa d |
| 040 ## - FUENTE DE CATALOGACION [NR] | |
| Agencia de catalogación original [NR] | CO-BoUCM |
| Quien Cataloga | David Moreno |
| Quien Clasifica | David Moreno |
| 041 ## - CODIGO DE IDIOMA [R] | |
| Código de idioma para texto/pista de sonido o título separado [R] | Español |
| 245 13 - MENCION DE TITULO [NR] | |
| Título [NR] | La diversidad cultural |
| Parte restante del título [NR] | análisis sistemático e interdisciplinar de la Convención de la UNESCO |
| Mención de responsabilidad, etc. [NR] | edición de Honorio M. Velasco y Jesús Prieto de Pedro ; coordinación de Beatriz Barreiro |
| 260 ## - PUBLICACION, DISTRIBUCION, ETC. (PIE DE IMPRENTA) [R] | |
| Lugar de publicación, distribución, etc. [R] | Madrid, ES |
| Nombre del editor, distribuidor, etc. [R] | Trotta |
| Fecha de publicación, distribución, etc. [R] | 2016 |
| 490 ## - MENCION DE SERIE [R] | |
| Mención de serie [R] | Estructuras y procesos |
| 630 ## - ASIENTO SECUNDARIO DE MATERIA - TITULO UNIFORME [R] | |
| Título uniforme [NR] | Convención sobre la Protección y Promoción de la Diversidad de las Expresiones Culturales |
| 9 (RLIN) | 179807 |
| 650 17 - ASIENTO SECUNDARIO DE MATERIA - TERMINO TEMATICO [R] | |
| Término temático o nombre geográfico como elemento de entrada [NR] | Multiculturalismo |
| Subdivisión general [R] | Política gubernamental |
| 9 (RLIN) | 179808 |
| 650 17 - ASIENTO SECUNDARIO DE MATERIA - TERMINO TEMATICO [R] | |
| Término temático o nombre geográfico como elemento de entrada [NR] | Diversidad cultural |
| 9 (RLIN) | 176507 |
| 700 1# - ASIENTO SECUNDARIO - NOMBRE PERSONAL [R] | |
| Nombre personal [NR] | Velasco Maillo, Honorio M. |
| Término de relación [R] | editor |
| 9 (RLIN) | 179809 |
| 700 1# - ASIENTO SECUNDARIO - NOMBRE PERSONAL [R] | |
| Nombre personal [NR] | Prieto de Pedro, Jesús |
| Término de relación [R] | editor |
| 9 (RLIN) | 163528 |
| 700 1# - ASIENTO SECUNDARIO - NOMBRE PERSONAL [R] | |
| Nombre personal [NR] | Barreiro, Beatriz |
| Término de relación [R] | coordinador |
| 9 (RLIN) | 179810 |
| 942 ## - ELEMENTOS DE ENTRADA AGREGADOS (KOHA) | |
| Sistema de clasificación | DEWEY |
| Tema principal | Generalidades |
| Tipo de ítem principal el descrito en 300a | Libro de referencia |
| Edición | 1 |
| Clasificación | 303.6 |
| Parte restante de la signatura top. | V433d |
| Título oculto en OPAC | No |
| Total préstamos | Signatura topográfica | Código de barras | Última vez visto | Ejemplar | Costo de reposición | Price effective from | Tipo de ítem | Perdido | Sistema de clasificación | Dañado | No prestable | Tipo de ítem específico | Suprimido | Ubicación habitual | Ubicación actual | Localización | Fecha de creación | Forma de adquisición |
|---|---|---|---|---|---|---|---|---|---|---|---|---|---|---|---|---|---|---|
| 303.6 V433d | 100172268 | 09/12/2025 | Ej.1 | 26000.00 | 29/01/2024 | Libro | DEWEY | Libro | Claustro | Claustro | 2do piso | 29/01/2024 | Donación |